Slowakische Republik - ihr Unternehmenspartner

Salvato in:
Dettagli Bibliografici
Autore principale: Kopál, Pavol
Altri autori: Wallner, Juraj
Natura: Libro
Lingua:tedesco
Pubblicazione: Bratislava Slowakische Handels- und Industriekammer 1993
Edizione:1. Aufl.
Soggetti:
Tags: Aggiungi Tag
Nessun Tag, puoi essere il primo ad aggiungerne!!

MARC

LEADER 00000nam a2200000 4500
001 c004631
005 20221214082842.3
020 |a 80-85588-19-6 
041 0 |a ger 
044 |a SK 
245 1 0 |a Slowakische Republik - ihr Unternehmenspartner  |c Pavol Kopál ; [Zo slov. prel.] Juraj Wallner 
250 |a 1. Aufl. 
264 1 |a Bratislava  |b Slowakische Handels- und Industriekammer  |c 1993 
300 |a 78 s. 
610 2 0 |a spolupráca hospodárska medzinárodná 
610 2 0 |a obchod zahraničný 
610 2 0 |a podnik spoločný 
610 2 0 |a legislatíva 
610 2 0 |a predpisy právne 
610 2 0 |a Slovensko 
610 2 0 |a podnikanie 
610 2 0 |a dane 
610 2 0 |a odpisy 
610 2 0 |a politika devízová 
610 2 0 |a bankovníctvo 
610 2 0 |a ceny 
610 2 0 |a účtovníctvo 
610 2 0 |a právo pracovné 
610 2 0 |a zabezpečenie sociálne 
610 2 0 |a odbory 
610 2 0 |a privatizácia 
610 2 0 |a konkurzy 
610 2 0 |a vyrovnanie 
610 2 0 |a politika protimonopolná 
100 1 |a Kopál, Pavol 
700 1 |a Wallner, Juraj